Skip to content
VuFind
All Fields
Title
Author
Subject
Call Number
ISBN/ISSN
Tag
Find
Advanced
Culture shock
Cite this
Print
Export Record
Export to RefWorks
Export to EndNoteWeb
Export to EndNote
Export to MARC
Culture shock
Bibliographic Details
Format:
Book
Holdings
Description
Similar Items
Staff View
MARC
LEADER
00000cam a2200000 7i4500
001
0000008554
002
000009323
005
20000330.0
020
|a
9971653419
090
0
0
|a
303.482
|b
CRA
245
1
0
|a
Culture shock
999
|a
0013719
|b
BUKU
|c
PINJAMAN
|e
PERPUSTAKAAN KOMUNITI PETALING JAYA
Similar Items
Culture shock! : Philippines
by: Roces, Grace
Published: (1986)
The psychology of culture shock
by: Ward, Colleen
Published: (2001)
Indonesia : culture shock!
by: Draine, Cathie
Published: (1988)
Culture shock!
by: Craig, JoAnn
Published: (1979)
Science, technology and culture
by: Bell, David
Published: (2006)